Top NHL Scorer by Franchise - Statistics

General Stats
  • This quiz has been taken 248 times
  • The average score is 20 of 31
Answer Stats
Team Points Answer % Correct
Oilers 1669 Wayne Gretzky
97%
Red Wings 1809 Gordie Howe
95%
Penguins 1723 Mario Lemieux
95%
Capitals 1278 Alex Ovechkin
93%
Avalanche 1641 Joe Sakic
93%
Stars 1359 Mike Modano
78%
Sharks 1102 Patrick Marleau
73%
Kings 1307 Marcel Dionne
72%
Blackhawks 1467 Stan Mikita
72%
Ducks 988 Teemu Selanne
72%
Canadiens 1246 Guy Lafleur
70%
Senators 1108 Daniel Alfredsson
67%
Canucks 1070 Henrik Sedin
66%
Maple Leafs 987 Mats Sundin
66%
Flames 1095 Jarome Iginla
65%
Lightning 953 Martin St. Louis
64%
Bruins 1506 Ray Bourque
64%
Islanders 1353 Bryan Trottier
63%
Coyotes 972 Shane Doan
60%
Flyers 1210 Bobby Clarke
59%
Blue Jackets 547 Rick Nash
59%
Hurricanes 1175 Ron Francis
56%
Jets 651 Blake Wheeler
55%
Panthers 437 Jonathan Huberdeau
55%
Golden Knights 181 Jonathan Marchessault
53%
Wild 709 Mikko Koivu
53%
Devils 1025 Patrick Elias
52%
Sabres 1326 Gilbert Perreault
49%
Predators 566 David Legwand
34%
Blues 1073 Bernie Federko
30%
Rangers 1021 Rod Gilbert
29%
No matching quizzes found
Score Distribution
Percent of People with Each Score
Percentile by Number Answered
Your Score History
You have not taken this quiz